Vander's human physiology : the mechanisms of body function (Record no. 36862)

MARC details
000 -LEADER
fixed length control field 00456nam a2200181Ia 4500
020 ## - INTERNATIONAL STANDARD BOOK NUMBER
ISBN 9780071222150
050 ## - CALL MARK
Classification number QP 34.5 .W47/
100 ## - STATEMENT OF RESPONSIBILITY--MAIN AUTHOR NAME
Personal name Widmaier, Eric P.
245 #0 - TITLE STATEMENT
Title Vander's human physiology : the mechanisms of body function
260 ## - PUBLICATION, DISTRIBUTION, ETC. (IMPRINT)
Place of publication New York
260 ## - PUBLICATION, DISTRIBUTION, ETC. (IMPRINT)
Name of publisher McGraw-Hill
260 ## - PUBLICATION, DISTRIBUTION, ETC. (IMPRINT)
Year of publication 2011
300 ## - PHYSICAL DESCRIPTION
Number of Pages 686 p
650 ## - SUBJECT ADDED ENTRY--TOPICAL TERM
Topical Term Human physiology
942 ## - ADDED ENTRY ELEMENTS (KOHA)
Koha item type Books
Holdings
Withdrawn status Lost status Source of classification or shelving scheme Damaged status Not for loan Permanent Location Current Location Date acquired Accession Number Price effective from Koha item type
    Library of Congress Classification     NILE UNIVERSITY OF NIGERIA - MAIN LIBRARY NILE UNIVERSITY OF NIGERIA - MAIN LIBRARY 04/23/2025 0004436 04/23/2025 Books